00752nam a2200217 i 4500001000700000003000900007005001700016007000300033008004100036080001700077100003300094245009200127260003600219300002200255490002300277700002600300830003100326852003200357999001900389952012600408129023ES-MaACL20230906193425.0t|070604s1962 sp ||||1| spa d a85-311.2"19"1 aTecchi, Bonaventura.910949614aLos egoistas / cpor Bonaventura Tecchi ; [traducción del italiano por David Romano]. aBarcelona : bVergara, c[1962] a317 p. ; c22 cm.1 aColección Velero1 aRomano, David.9992490 aColección Velero9219315 aES-MaACLjC-21937 bR.50403 c129023d129023 00104070aATENEOMbATENEOMcGaleríad2008-01-17eSCl0oC-21937p1134364r2023-02-23 00:00:00w2023-02-23yMONOGRAFIA